Rozhodnutie Súdneho dvora Európskej únie o bilaterálnej investičnej dohode z pohľadu perspektívy medzinárodného práva
Analýza právnych dôsledkov rozhodnutia Súdneho dvora EÚ, známeho pod názvom Achmea B.V. o ukončení platnosti bilaterálnych investičných dohôd uzatvorených navzájom medzi členskými štátmi EÚ. Všeobecne o bilaterálnych investičných dohodách. Rozhodnutie v právnej veci Achmea B.V. Iniciatívy Európskej...
Uložené v:
| Hlavný autor: | |
|---|---|
| Médium: | Kapitola |
| Jazyk: | Slovak |
| Predmet: | |
| Tagy: |
Žiadne tagy, Buďte prvý, kto otaguje tento záznam!
|
MARC
| LEADER | 00000naa a2200000 4500 | ||
|---|---|---|---|
| 001 | 0258580 | ||
| 005 | 20191001070410.0 | ||
| 041 | 0 | |a slo | |
| 044 | |a SK | ||
| 245 | 1 | 0 | |a Rozhodnutie Súdneho dvora Európskej únie o bilaterálnej investičnej dohode z pohľadu perspektívy medzinárodného práva |c Daniela Nováčková |
| 520 | |a Analýza právnych dôsledkov rozhodnutia Súdneho dvora EÚ, známeho pod názvom Achmea B.V. o ukončení platnosti bilaterálnych investičných dohôd uzatvorených navzájom medzi členskými štátmi EÚ. Všeobecne o bilaterálnych investičných dohodách. Rozhodnutie v právnej veci Achmea B.V. Iniciatívy Európskej komisie. | ||
| 610 | 2 | 0 | |a právo medzinárodné |
| 610 | 2 | 0 | |a Európska únia |
| 610 | 2 | 0 | |a dohody medzinárodné |
| 610 | 2 | 0 | |a vzťahy bilaterálne |
| 610 | 2 | 0 | |a Európska komisia |
| 610 | 2 | 0 | |a stratégia investičná |
| 610 | 2 | 0 | |a Súdny dvor Európskej únie |
| 100 | 1 | |a Nováčková, Daniela | |